000 00723nam a2200253 a 4500
003 AR-BaBNM
005 20251128203429.0
008 082120s2002 ||||||||||||||000 | spa||
020 _a950-230000-9
040 _cAR-BaBNM
245 0 0 _aFuentes para el estudio de la historia institucional argentina
260 _aBuenos Aires
_bEudeba
_c1982
300 _a437 p.
_btablas
500 _aBuena documentación para consultar.
650 4 _aPERIODO INDEPENDIENTE
650 4 _aORGANIZACION NACIONAL
650 4 _aACUERDO DE SAN NICOLAS
650 4 _aHISTORIA POLITICA
650 4 _aHISTORIA INSTITUCIONAL
651 4 _aArgentina
700 1 _aLeiva, Alberto David
_eprologuista
942 _cBK
998 _cmariana
999 _c3354
_d3354